Bcom8 : (Record no. 15298)
[ view plain ]
| 000 -LEADER | |
|---|---|
| fixed length control field | 00352nam a22001337a 4500 |
| 003 - CONTROL NUMBER IDENTIFIER | |
| control field | URS |
| 005 - DATE AND TIME OF LATEST TRANSACTION | |
| control field | 20220114171948.0 |
| 008 - FIXED-LENGTH DATA ELEMENTS--GENERAL INFORMATION | |
| fixed length control field | 180709b xxu||||| |||| 00| 0 eng d |
| 020 ## - INTERNATIONAL STANDARD BOOK NUMBER | |
| International Standard Book Number | 9781305660861 |
| 050 14 - LIBRARY OF CONGRESS CALL NUMBER | |
| Classification number | HF 5726 |
| Item number | L44 2017 |
| 100 1# - MAIN ENTRY--PERSONAL NAME | |
| Personal name | Lehman, Carol, |
| Dates associated with a name | 2017- |
| Relator term | author |
| 245 10 - TITLE STATEMENT | |
| Title | Bcom8 : |
| Remainder of title | business communication / |
| Statement of responsibility, etc. | Carol Lehman. |
| 942 ## - ADDED ENTRY ELEMENTS (KOHA) | |
| Source of classification or shelving scheme | Library of Congress Classification |
| Koha item type | Foreign Books |
| Withdrawn status | Source of classification or shelving scheme | Damaged status | Not for loan | Collection code | Home library | Current library | Shelving location | Date acquired | Total Checkouts | Full call number | Barcode | Date last seen | Price effective from | Koha item type |
|---|---|---|---|---|---|---|---|---|---|---|---|---|---|---|
| Library of Congress Classification | Non-fiction | Binangonan College Library | Binangonan College Library | Foreign Section | 06/07/2023 | HF 5726 L44 2017 | URSBIN-02416 | 07/09/2018 | 07/09/2018 | Foreign Books | ||||
| Library of Congress Classification | Non-fiction | Binangonan College Library | Binangonan College Library | Foreign Section | 06/07/2023 | HF 5726 L44 2017 | URSBIN-02417 | 07/09/2018 | 07/09/2018 | Foreign Books |